Catálogo
 En Linea

Más allá en el amor : (Registro nro. 14935)

Detalles MARC
000 -CABECERA
campo de control de longitud fija 00639cam a2200205 a 4500
001 - NÚMERO DE CONTROL
campo de control 000015373
005 - FECHA Y HORA DE LA ÚLTIMA TRANSACCIÓN
campo de control 20260119094801.0
008 - DATOS DE LONGITUD FIJA--INFORMACIÓN GENERAL
campo de control de longitud fija 831213s1971 sp 000 0 spa
040 ## - FUENTE DE LA CATALOGACIÓN
Centro catalogador/agencia de origen DO-SdBNP
Centro/agencia transcriptor CarP
Centro/agencia modificador DLC
082 ## - NÚMERO DE LA CLASIFICACIÓN DECIMAL DEWEY
Número de clasificación 150.1
Número de documento/Ítem L168m
049 ## - FONDOS LOCALES (OCLC)
Fondos de biblioteca BNGR
100 1# - ENTRADA PRINCIPAL--NOMBRE DE PERSONA
Nombre de persona Lafourcade, Agustín.
9 (RLIN) 33081
245 10 - MENCIÓN DE TÍTULO
Título Más allá en el amor :
Resto del título (psicología fundamental) /
Mención de responsabilidad, etc. Agustín Lafourcade.
260 ## - PUBLICACIÓN, DISTRIBUCIÓN, ETC.
Lugar de publicación, distribución, etc. Madrid :
Nombre del editor, distribuidor, etc. Azaral,
Fecha de publicación, distribución, etc. 1971.
300 ## - DESCRIPCIÓN FÍSICA
Extensión 201 p. : ;
Dimensiones 21 cm.
590 ## - NOTA LOCAL (RLIN)
Nota local La biblioteca poee un ejemplar autobiografiado por el autor.
650 #0 - PUNTO DE ACCESO ADICIONAL DE MATERIA--TÉRMINO DE MATERIA
Término de materia o nombre geográfico como elemento de entrada Psicología
9 (RLIN) 152
650 #0 - PUNTO DE ACCESO ADICIONAL DE MATERIA--TÉRMINO DE MATERIA
Término de materia o nombre geográfico como elemento de entrada Amor
9 (RLIN) 1688
910 ## - DATOS DE OPCIÓN DEL USUARIO (OCLC)
Datos de opción del usuario Catalogación por copia / LC
Existencias
Estado de retiro Estado de pérdida Restricciones de uso No para préstamo Código de colección Localización permanente Ubicación/localización actual Ubicación en estantería Fecha de adquisición Número de inventario Total de préstamos Signatura topográfica completa Código de barras Fecha visto por última vez Precio válido a partir de Tipo de ítem Koha
    Préstamo interno   Monografías: Libros y Folletos General General En catalogación 05.02.2010 LF1   150.1 L168m 15373-10 25.06.2020 25.06.2020 Préstamo interno

Con tecnología Koha